Normal view
MARC view
- Nikhil Chandra Shil, and Mohammad Zakaria Masud and Mohammad Faridul Alam
Entry Personal Name
001 - CONTROL NUMBER
- control field: 3283
003 - CONTROL NUMBER IDENTIFIER
- control field: OSt
005 - DATE AND TIME OF LATEST TRANSACTION
- control field: 20200722142217.0
008 - FIXED-LENGTH DATA ELEMENTS
- fixed length control field: 200722|| aca||aabn | a|a d
040 ## - CATALOGING SOURCE
- Original cataloging agency: OSt
- Transcribing agency: OSt
100 ## - HEADING--PERSONAL NAME
- Personal name: Nikhil Chandra Shil, and Mohammad Zakaria Masud and Mohammad Faridul Alam
670 ## - SOURCE DATA FOUND
- Source citation: Work cat.: (OSt): Shill, Nikhil Chandra 3281, Bangladesh Income Tax / Theory and Practice , c2012
